ბათუმის შოთა რუსთაველის სახელმწიფო უნივერსიტეტის ბიბლიოთეკა

Морская геология (ბიბ.ჩანაწერი № 35502)

000 -LEADER
fixed length control field 00567nam a2200229Ia 4500
001 - CONTROL NUMBER
control field 1363
003 - CONTROL NUMBER IDENTIFIER
control field GE_BSU
008 - FIXED-LENGTH DATA ELEMENTS--GENERAL INFORMATION
fixed length control field 181216s||||||||xx |||||||||||||| ||und||
040 ## - CATALOGING SOURCE
Transcribing agency GE_BSU
080 ## - UNIVERSAL DECIMAL CLASSIFICATION NUMBER
Universal Decimal Classification number 551.35
100 ## - MAIN ENTRY--PERSONAL NAME
Personal name Шепард,Ф.П.
245 ## - TITLE STATEMENT
Title Морская геология
245 ## - TITLE STATEMENT
Statement of responsibility, etc. Пер. с англ. С.С. Филатова
260 ## - PUBLICATION, DISTRIBUTION, ETC.
Place of publication, distribution, etc. Ленинград
260 ## - PUBLICATION, DISTRIBUTION, ETC.
Name of publisher, distributor, etc. Недра
260 ## - PUBLICATION, DISTRIBUTION, ETC.
Date of publication, distribution, etc. 1976
300 ## - PHYSICAL DESCRIPTION
Extent 488стр.
653 ## - INDEX TERM--UNCONTROLLED
Uncontrolled term Геология
653 ## - INDEX TERM--UNCONTROLLED
Uncontrolled term Морская геология
942 ## - ADDED ENTRY ELEMENTS (KOHA)
Koha item type წიგნი
ეგზემპლარები
Withdrawn status Lost status Damaged status Not for loan Date acquired Barcode Date last seen Price effective from Koha item type
        2018-12-17 1958 2018-12-17 2018-12-17 წიგნი